Developers examine their options (Record no. 73892)

MARC details
000 -LEADER
fixed length control field 00965cam a2200229 4500
001 - CONTROL NUMBER
control field ABS67277
008 - FIXED-LENGTH DATA ELEMENTS--GENERAL INFORMATION
fixed length control field 031128n2003 000 0 eng u
035 ## - SYSTEM CONTROL NUMBER
System control number (Sirsi) u124515
100 ## - MAIN ENTRY--PERSONAL NAME
Personal name Joyce, R.
245 ## - TITLE STATEMENT
Title Developers examine their options
Medium [electronic resource]
260 ## - PUBLICATION, DISTRIBUTION, ETC.
Date of publication, distribution, etc. 2003
490 ## - SERIES STATEMENT
Series statement Regeneration and Renewal
Volume/sequential designation 21 November 2003, 14(1)
520 ## - SUMMARY, ETC.
Summary, etc. Considers government plans to reform the existing planning obligations framework outlined in a consultation paper "Contributing to sustainable communitiies - a new approach to planning obligations".
590 ## - LOCAL NOTE (RLIN)
Local note ABS
650 ## - SUBJECT ADDED ENTRY--TOPICAL TERM
Topical term or geographic name entry element PLANNING OBLIGATIONS
650 ## - SUBJECT ADDED ENTRY--TOPICAL TERM
Topical term or geographic name entry element TOWN AND COUNTRY PLANNING ACT 1990 S106
650 ## - SUBJECT ADDED ENTRY--TOPICAL TERM
Topical term or geographic name entry element TOWN AND COUNTRY PLANNING ACT 1990 S106
650 ## - SUBJECT ADDED ENTRY--TOPICAL TERM
Topical term or geographic name entry element DEVELOPMENT
650 ## - SUBJECT ADDED ENTRY--TOPICAL TERM
Topical term or geographic name entry element PLANNING
856 ## - ELECTRONIC LOCATION AND ACCESS
Uniform Resource Identifier <a href="https://www.planningresource.co.uk/news/418112/ANALYSIS-Developers-examine-options/?DCMP=ILC-SEARCH">https://www.planningresource.co.uk/news/418112/ANALYSIS-Developers-examine-options/?DCMP=ILC-SEARCH</a>
Public note View the article at www.planningresource.co.uk
942 ## - ADDED ENTRY ELEMENTS (KOHA)
Suppress in OPAC 0
Holdings
Withdrawn status Lost status Source of classification or shelving scheme Damaged status Not for loan Home library Current library Shelving location Date acquired Total Checkouts Full call number Barcode Date last seen Copy number Price effective from Koha item type
    Dewey Decimal Classification     London London Journal article 28/11/2003   ABS67277 124515-1001 06/08/2019 1 06/08/2019 Journal article